Åland Islands Trivia - Statistics

General Stats
  • This quiz has been taken 682 times
    667 since last reset
  • The average score is 9 of 14
Answer Stats
Hint Answer % Correct
Country which owns the islands Finland
98%
The above sea is part of this larger sea {Baltic} sea
97%
Language that 88% of the population speaks Swedish
93%
...and part of this country until 1917 Russia
92%
Åland was part of this country until 1809 Sweden
92%
Currency used in Åland Euro
90%
Group of people that settled Åland in the 9th century Vikings
73%
To the nearest whole number, the % of islands in Åland that are inhabited 1
69%
Capital and largest city Mariehamn
55%
Åland was granted this right in 1920 Autonomy
50%
What are Kastelholm and Bomarsund? Castles
48%
Åland islands were demilitarized after this 19th century conflict Crimean war
29%
Traditional dessert usually made with semolina or rice porridge Åland {Pancake}
18%
Sea in which Åland Islands are situated in {Archipelago} sea
14%
No matching quizzes found
Score Distribution
Percent of People with Each Score
Percentile by Number Answered
Your Score History
You have not taken this quiz since the last reset